[Event "DEM U12/U12w 2006"]
[Site "Willingen GER"]
[Date "2006.06.09"]
[Round "10"]
[White "Holzmann, Arthur"]
[Black "Hüglin, Larissa"]
[Result "1/2-1/2"]
[Termination "normal"]
[Board "50"]
[WhiteElo "1099"]
[BlackElo "793"]
[PlyCount "70"]
[BlackFideId "12911933"]
[EventCountry "GER"]
[EventRounds "11"]
[EventType "swiss"]
[EventDate "2006.06.03"]

1. Nf3 Nc6 2. d4 d5 3. Bf4 Bf5 4. e3 a6 5. Bd3 e6 6. O-O Bd6 7. Bxd6 Qxd6 8. c3
Bxd3 9. Qxd3 O-O-O 10. Nbd2 Nf6 11. a4 Ng4 12. h3 Nf6 13. b4 e5 14. e4 dxe4 15.
Nxe4 Nxe4 16. Qxe4 Rhe8 17. dxe5 Nxe5 18. Nxe5 Rxe5 19. Qc2 Qd5 20. Rfb1 Rg5
21. g3 Qe6 22. g4 Re5 23. b5 Re2 24. Qf5 Rdd2 25. Qxe6+ fxe6 26. bxa6 Rxf2 27.
axb7+ Kd7 28. b8=Q Rg2+ 29. Kh1 Rh2+ 30. Kg1 Rhg2+ 31. Kf1 Rgf2+ 32. Ke1 Rfe2+
33. Kf1 Rf2+ 34. Kg1 Rg2+ 35. Kh1 Rh2+ 1/2-1/2